Polibek Maintré

Saved in:
Bibliographic Details
Main Author Kristina, M., Waagnerová
Format Electronic eBook
LanguageCzech
Published Host 2026
Edition1. elektronické vydání
Subjects
Online AccessDostupné v BOOKPORT po přihlášení pomocí eduID
ISBN978-80-275-2984-1
978-80-275-2985-8
978-80-275-2843-1
Physical Description1 online zdroj (511 stran)

Cover

LEADER 00000nam a2200000 i 4500
001 bkp453250287
003 CZ-prgp
005 20260327112340.0
006 m o d
007 cr cn
008 260327s2026 xr o 000 1 cze
020 |a 978-80-275-2984-1  |c 409 Kč  |q (online ; pdf) 
020 |a 978-80-275-2985-8  |c 409 Kč  |q (online ; epub) 
020 |a 978-80-275-2843-1  |c 549 Kč  |q (print) 
040 |a Grada  |b cze  |e rda 
100 1 |a Kristina, M., Waagnerová 
245 1 0 |a Polibek Maintré  |c Waagnerová Kristina M. 
250 |a 1. elektronické vydání 
264 1 |b Host  |c 2026 
300 |a 1 online zdroj (511 stran) 
336 |a text  |b txt  |2 rdacontent 
337 |a počítač  |b c  |2 rdamedia 
338 |a online zdroj  |b cr  |2 rdacarrier 
520 3 |a Román o knihách, přátelství, velké lásce a o tom, že ne všechny sny by se měly vyplnit. 
650 0 4 |a Sci-fi, fantasy 
856 4 0 |u https://www.bookport.cz/AccountSaml/SignIn/?idp=https://shibboleth.utb.cz/idp/shibboleth&returnUrl=/kniha/polibek-maintre-15876/  |y Dostupné v BOOKPORT po přihlášení pomocí eduID